000 00487nam a2200121Ia 4500
008 160712s9999 xx 000 0 und d
100 _aCamba Alvin A.
245 _cAlvin A. Camba
_aPrivate-Led Suburbanization: Capital Accumulation and Real Estate Development in Postwar Greater Manila, 1945-1960
260 _c2011
_bPhilippine Social Sciences Review
300 _avol. 63 no. 2
650 _xSOCIAL SCIENCES
856 _uhttp://journals.upd.edu.ph/index.php/pssr/issue/view/348/showToc
999 _c297679
_d297679